Datum a čas kvízu
15.5
Celkem bodů
Celkový počet nahraných bodů na tomto kvízu bez doplňovacích otázek.
9.
Pořadí na kvízu
Konečné umístění týmu na tomto kvízu.
Zaznamenané odpovědi
| # | Otázka | Odpověď | Body | Výsledky |
|---|---|---|---|---|
| 1. | Ve středu jmenovala vláda Víta... | GIBS (Generální inspekce bezpečnostních sborů) | 0 | |
| 2. | Papež František přijal v pátek... | Sylvester Stallone | 0 | |
| 3. | 23 dní před letošním vyhlášení... | Daniela Kolářová | 1 | |
| 4. | Česká národní banka minulý týd... | posílat peníze na telefonní číslo | 0 | |
| 5. | Ve středu byl vyřazen z letošn... | Karviná | 0 | |
| 6. | Podle některých statistik obýv... | zmije | 0 | |
| 7. | Mezi člověku velmi nebezpečná... | A | 1 | |
| 8. | Sloni afričtí každoročně zabij... | Zoo Dvůr Králové a Zoo Zlín (Lešná) | 0 | |
| 9. | Nebezpečným zvířetem, s nímž s... | medvěd kodiak | 0 | |
| 10. | Jedním z nejnebezpečnějších ve... | 4 prsty | 0 |